000 00675nam a22001577a 4500
999 _c4482
_d234986
080 _a336.21.26 So 83
100 _4aut
_aSoule, Paula M.
245 _aLa Teoría de los Delitos de infracción de Deber y su aplicación a la Evasión tributaria
300 _a102 p.
500 _aDirector de tesis:
502 _aTesis (Doctorado)- Universidad Nacional de Castilla-Lla Mancha-Universidad Nacional de Mar del Plata. Facultad de Derecho Departamento de Posgrado, 2011- 2012.
504 _aBibliografía: 97- 102.
650 _2IEDCYT
_adelitos de infraccion de deber
_adelitos de dominio
_aevasion tributaria
_adelitos tributarios
945 _acd
_d2017-06-09